| 000 | 00401nam a2200157Ia 4500 | ||
|---|---|---|---|
| 008 | 230312s9999||||xx |||||||||||||| ||und|| | ||
| 020 | _a0-19-597149-1 | ||
| 082 |
_a820 _bAND-E |
||
| 100 | _aAndersen;Hans.Christian | ||
| 245 | 0 | _aEmperor's New Clothes and Other Stories | |
| 260 |
_bOxford _aChina _c2005 |
||
| 300 | _a52 | ||
| 546 | _aEng. | ||
| 650 |
_aLiterature _vEnglish Literature |
||
| 942 | _cBK | ||
| 999 |
_c9344 _d9344 |
||